000 00451cam a22001217a 4500
008 180718b1965 xxu||||| |||| 00| 0 eng d
082 _aA81x54 In2/61/Vol 8/Pt 7-A-2
100 _aCensus of India 1961
245 _aMadhya Pradesh: handicraft survey monographs, hanloom sari industry of Maheshwar
260 _aDelhi
_bThe Manager of Publications
_c1965
300 _av.p.
440 _aCensus of India 1961. Volume VIII, Madhya Pradesh. Part VII-A. No. 2
999 _c484252
_d484252